00454nam a2200133Ia 4500003000400000005001700004008004100021040002900062050003100091100004500122245011200167260003200279300000900311OSt20240123134748.0230105s9999||||xx |||||||||||||| ||und|| cChuka University Library aSBL QH 541.15bM3I57 1987  aJ.B. Shuka, T.G. Hallam, V. Capasso (ed) 0aMathematical modelling of environmental and ecological systems.-(development in environmental modelling,II) aElsevier bAmsterdam c1987 ap254